Brushstroke and free-style alphabets

Guardat en:
Dades bibliogràfiques
Autor principal: Solo, Dan X (Autor)
Format: Llibre
Idioma:anglès
Publicat: Nueva York Dover 1977
Col·lecció:Dover Pictorical Archive Series
Matèries:
Etiquetes: Afegir etiqueta
Sense etiquetes, Sigues el primer a etiquetar aquest registre!

MARC

LEADER 00000nam a2200000 a 4500
001 UCO4580
003 CL-VaPUC
008 000804e19770000US |||||||||||||||||eng|d
082 0 4 |a 745.619  |b SOL  |2 21 
100 0 |a Solo, Dan X  |e author  |9 449170 
245 1 0 |a Brushstroke and free-style alphabets 
300 |a 100 p 
942 |c BK 
945 |d 20000804 00:00:00  |a crobeson 
260 |a Nueva York  |b Dover  |c 1977 
500 |a Contiene 100 alfabetos completos 
650 7 |a CALIGRAFIA  |2 CL-VaPUC  |9 449171 
650 0 |a Letras  |9 352290 
650 0 |a Tipografía  |9 266998 
583 |a last modification  |c 20000804 00:00:00  |k Rodrigo Vera 
490 0 |a Dover Pictorical Archive Series 
999 |c 290610  |d 290608 
952 |0 0  |1 0  |4 0  |6 745_619000000000000_SOL_1977  |7 0  |8 R  |9 340128  |a BIBART  |b BIBART  |d 2019-11-20  |i 1214403  |o 745.619 SOL 1977  |p 1214403  |r 2025-03-13  |w 2019-11-20  |y BK_R  |k ART